Countries With the Most Superyachts - Statistics

General Stats
  • This quiz has been taken 83 times
  • The average score is 8 of 10
Answer Stats
Number of yachts Country % Correct
133 Italy
98%
118 France
95%
133 Spain
95%
158 United States
95%
82 Greece
94%
19 Australia
83%
41 Monaco
79%
22 United Arab Emirates
70%
45 Bahamas
60%
18 Netherlands
40%
No matching quizzes found
Score Distribution
Percent of People with Each Score
Percentile by Number Answered
Your Score History
You have not taken this quiz